00366nam a2200157Ia 4500008004100000020001800041245003400059245001800093260001500111260001600126260000900142300001400151300002500165300001000190500000800200170705s9999 xx 000 0 und d a9780439642873 aLily's purple plastic purse / cKevin Henkes. aNew York : bScholastic, c1996 aunpaged : bcolor illustration ; c26cm. a540